000
00275nam a2200097Ia 4500
001
643329
005
20250826153543.0
008
250824s9999 xx 000 0 und d
245
0
_a
DÜNYAYI KURTARMAK İSTER MİSİN
_c
STEPHANE FRATTİNİ - STEPHANE LEDU
260
_b
GENÇ TİMAŞ
999
_c
643329
_d
643329